000
00224nam a2200085Ia 4500
005
20250523154322.0
008
250523s9999 xx 000 0 und d
245
0
_a
Altın Türkçe Sözlük Lise
_c
Hüseyin Kuşcu
260
_b
ALTIN
999
_c
12014
_d
12014